| 000 | 00975cam a22002895a 4500 | ||
|---|---|---|---|
| 001 | 15050971 | ||
| 005 | 20201128020832.0 | ||
| 008 | 071019t2011 njua frb 001 0 eng d | ||
| 020 | _a9780137050512 | ||
| 020 | _a0137050518 | ||
| 040 |
_aDLC _beng _cDLC _dEG-ScBUE |
||
| 082 | 0 | 4 |
_a621.3192 _222 _bNIL |
| 100 | 1 |
_aNilsson, James William. _91212 |
|
| 245 | 1 | 0 |
_aElectric circuits / _cJames W. Nilsson, Susan A. Riedel. |
| 250 | _a9th ed., International ed. | ||
| 260 |
_aUpper Saddle River, New Jersey : _bPearson Prentice Hall, _c2011. |
||
| 300 |
_a816 p. : _bill. (col) ; _c27 cm. |
||
| 500 | _aIndex : p. 803-816. | ||
| 590 | _adoaa mohamed | ||
| 651 | _2BUEsh | ||
| 653 |
_bENGELC _cDecember2013 _cAugust2015 |
||
| 655 |
_vreading book _934232 |
||
| 650 | 0 |
_91213 _aElectric circuits _2BUEsh |
|
| 700 | 1 |
_aRiedel, Susan A., _919762 _eauthor. |
|
| 856 | 4 | 1 |
_3Table of contents _uhttp://www.loc.gov/catdir/toc/fy0802/2007279221.html |
| 942 |
_2ddc _cBB _k621.3192 NIL |
||
| 999 |
_c14704 _d14704 |
||